Capital markets in the southern cone of Latin América (Registro nro. 1927)

Detalles MARC
000 -LEADER
fixed length control field 01169 a2200217 4500
001 - CONTROL NUMBER
control field 29648
005 - DATE AND TIME OF LATEST TRANSACTION
control field 20260407155606.0
008 - FIXED-LENGTH DATA ELEMENTS--GENERAL INFORMATION
fixed length control field 260407a2010 arg spa d
003 - CONTROL NUMBER IDENTIFIER
control field AR-UNSa-BCEJYS
040 ## - CATALOGING SOURCE
Original cataloging agency AR-UNSa-BCEJYS
Language of cataloging spa
Transcribing agency AR-UNSa-BCEJYS
080 ## - UNIVERSAL DECIMAL CLASSIFICATION NUMBER
Universal Decimal Classification number 336.76
Common auxiliary subdivision Bolsa. Mercado del dinero. Mercado del capital
041 ## - LANGUAGE CODE
Language code of text/sound track or separate title spa
100 1# - MAIN ENTRY--PERSONAL NAME
Personal name Musalen, Alberto R.
245 10 - TITLE STATEMENT
Title Capital markets in the southern cone of Latin América
Name of part/section of a work convergence to International Standards and Integration
264 #1 - PRODUCTION, PUBLICATION, DISTRIBUTION, MANUFACTURE, AND COPYRIGHT NOTICE
Place of production, publication, distribution, manufacture Buenos Aires :
Name of producer, publisher, distributor, manufacturer Pearson Educación
Date of production, publication, distribution, manufacture, or copyright notice 2010
300 ## - PHYSICAL DESCRIPTION
Extent xx, 176 p.
Dimensions 23 cm.
505 ## - FORMATTED CONTENTS NOTE
Formatted contents note 1. Introduction - 2. South American capital markets perfomance - 3. Comparative policies on Foreign exchange and capital mobility - 4. Secutities markets regulations and evaluations on the degree of implementation - 5. Observance of international auditing and accounting standards in South America - 6. Taxation structure for financial instruments in Argentina, Brazil, Chile and Peru
590 ## - LOCAL NOTE (RLIN)
Local note niveau_biblio:m niveau_hierar:0
856 41 - ELECTRONIC LOCATION AND ACCESS
Uniform Resource Identifier <a href="https://biblioeco.unsa.edu.ar/pmb/images/libros/Capital markets-l125076.jpg">https://biblioeco.unsa.edu.ar/pmb/images/libros/Capital markets-l125076.jpg</a>
Link text Imagen de portada
Electronic format type image/jpeg
942 ## - ADDED ENTRY ELEMENTS (KOHA)
Koha item type
Existencias
Withdrawn status Lost status Damaged status Not for loan Home library Current library Shelving location Date acquired Total checkouts Full call number Barcode Date last seen Price effective from Koha item type
        Biblioteca Prof. Eusebio Cleto del Rey Biblioteca Prof. Eusebio Cleto del Rey   07/04/2026   336.76 M985 L125076 07/04/2026 07/04/2026 Libro